[Event "Col Ch "]
[Site "Ibague "]
[Date "2013.07.05"]
[Round "8.75"]
[White "Pelaez, Hernan"]
[Black "Pena Mora, Carlos"]
[Result "0-1"]
[WhiteElo "1867"]
[BlackElo "1658"]
[PlyCount "50"]
[EventDate "2013.07.01"]
[EventType "swiss"]
[EventRounds "11"]
[EventCountry "COL"]
[SourceDate "2005.09.12"]

1. c4 Nf6 2. g3 c5 3. Bg2 Nc6 4. Nc3 e6 5. b3 d5 6. Bb2 d4 7. Ne4 Be7 8. d3 O-O
9. Nh3 Nxe4 10. dxe4 e5 11. Qd2 f5 12. exf5 Bxf5 13. e4 Bg4 14. Bc1 h6 15. a3
Qd7 16. Ng1 d3 17. h3 Bg5 18. f4 exf4 19. Bf3 fxg3 20. Qg2 Bxc1 21. hxg4 d2+
22. Kd1 Qd3 23. Rxc1 dxc1=Q+ 24. Kxc1 Nd4 25. Bd1 Rf2 0-1

[Event "Col Ch "]
[Site "Ibague "]
[Date "2013.07.05"]
[Round "8.76"]
[White "O Neil, Donovan"]
[Black "Gamboa, Jose Pompilio"]
[Result "0-1"]
[WhiteElo "1692"]
[BlackElo "1778"]
[PlyCount "38"]
[EventDate "2013.07.01"]
[EventType "swiss"]
[EventRounds "11"]
[EventCountry "COL"]
[SourceDate "2005.09.12"]

1. e4 e5 2. Nf3 Nc6 3. Bc4 Bc5 4. Nc3 Nf6 5. d3 a6 6. O-O O-O 7. h3 h6 8. Re1
d6 9. Be3 Nd4 10. a3 c6 11. b4 Ba7 12. Qd2 Nxf3+ 13. gxf3 Bxe3 14. Qxe3 Nh5 15.
Kh2 Qh4 16. Rh1 Nf4 17. Kg1 Qg5+ 18. Kf1 Qg2+ 19. Ke1 Qxh1+ 0-1

[Event "Col Ch "]
[Site "Ibague "]
[Date "2013.07.06"]
[Round "9.1"]
[White "Mosquera, Miguel"]
[Black "Panesso Rivera, Henry"]
[Result "0-1"]
[WhiteElo "2391"]
[BlackElo "2341"]
[PlyCount "54"]
[EventDate "2013.07.01"]
[EventType "swiss"]
[EventRounds "11"]
[EventCountry "COL"]
[SourceDate "2005.09.12"]
[WhiteClock "0:07:49"]
[BlackClock "0:26:56"]

1. e4 c5 2. Nf3 d6 3. d4 Nf6 4. Nc3 cxd4 5. Nxd4 a6 6. f3 e6 7. Be3 h5 8. Qd2
Nbd7 9. Be2 Qc7 10. O-O b6 11. f4 Bb7 12. Bf3 Nc5 13. e5 dxe5 14. fxe5 Ng4 15.
Bxg4 hxg4 16. Qf2 O-O-O 17. Qg3 g6 18. Nb3 Bg7 19. Bf4 Nxb3 20. cxb3 g5 21.
Bxg5 Bxe5 22. Bf4 Qc5+ 23. Kh1 Rd2 24. Ne4 Bxe4 25. Rac1 Bxf4 26. Rxc5+ bxc5
27. Qxf4 Rxg2 0-1

[Event "Col Ch "]
[Site "Ibague "]
[Date "2013.07.06"]
[Round "9.2"]
[White "Martinez Romero, Martin"]
[Black "Torres, Juan Camilo"]
[Result "1/2-1/2"]
[WhiteElo "2402"]
[BlackElo "2341"]
[PlyCount "53"]
[EventDate "2013.07.01"]
[EventType "swiss"]
[EventRounds "11"]
[EventCountry "COL"]
[SourceDate "2005.09.12"]
[WhiteClock "0:34:42"]
[BlackClock "0:05:04"]

1. e4 c5 2. Nf3 e6 3. d4 cxd4 4. Nxd4 a6 5. c4 Nf6 6. Nc3 Qc7 7. a3 b6 8. Be3
Bb7 9. f3 d6 10. Be2 Nbd7 11. O-O Be7 12. Rc1 O-O 13. b4 Rfe8 14. Qd2 Rac8 15.
Rc2 Qb8 16. Rb1 d5 17. cxd5 exd5 18. Nxd5 Nxd5 19. Rxc8 Rxc8 20. Nf5 Bd6 21.
exd5 Nf6 22. Qd4 Bxh2+ 23. Kh1 Be5 24. Qh4 Nxd5 25. Rd1 Re8 26. Bd4 Bxd4 27.
Qxd4 1/2-1/2

[Event "Col Ch "]
[Site "Ibague "]
[Date "2013.07.06"]
[Round "9.3"]
[White "Barrientos, Sergio E"]
[Black "Soto, Christian Camilo"]
[Result "1-0"]
[WhiteElo "2476"]
[BlackElo "2079"]
[PlyCount "77"]
[EventDate "2013.07.01"]
[EventType "swiss"]
[EventRounds "11"]
[EventCountry "COL"]
[SourceDate "2005.09.12"]
[WhiteClock "0:47:40"]
[BlackClock "0:40:34"]

1. e4 d5 2. exd5 Nf6 3. Bb5+ Bd7 4. Be2 Bf5 5. Nf3 Nxd5 6. d4 e6 7. O-O Be7 8.
a3 O-O 9. c4 Nb6 10. Nc3 c5 11. dxc5 Bxc5 12. Bf4 Nc6 13. b4 Bd4 14. Rc1 e5 15.
Bg3 Bxc3 16. Rxc3 Qxd1 17. Rxd1 Rad8 18. Rxd8 Rxd8 19. Bxe5 Bg4 20. Bc7 Re8 21.
Re3 Rxe3 22. fxe3 Na4 23. h3 Be6 24. Nd4 Nc3 25. Bd3 Nd1 26. Nxe6 fxe6 27. b5
Ne7 28. Bb8 Nxe3 29. Bxa7 N3f5 30. g4 Nd6 31. Bb8 Ndc8 32. Be4 b6 33. a4 Kf7
34. c5 bxc5 35. a5 Nd5 36. Bxd5 exd5 37. b6 Ke6 38. b7 Kd7 39. Be5 1-0

[Event "Col Ch "]
[Site "Ibague "]
[Date "2013.07.06"]
[Round "9.4"]
[White "Tovio, Israel"]
[Black "Valderrama Quiceno, Esteban Al"]
[Result "1-0"]
[WhiteElo "2291"]
[BlackElo "1939"]
[PlyCount "113"]
[EventDate "2013.07.01"]
[EventType "swiss"]
[EventRounds "11"]
[EventCountry "COL"]
[SourceDate "2005.09.12"]

1. e4 g6 2. d4 Bg7 3. Nc3 d6 4. f4 a6 5. Nf3 b5 6. Be3 Bb7 7. Bd3 Nd7 8. e5 e6
9. a4 b4 10. Ne4 Nb6 11. a5 Nd5 12. Bd2 Nh6 13. O-O O-O 14. c4 bxc3 15. bxc3
Ne7 16. Qe2 Kh8 17. Nfg5 Bc8 18. Qf3 Rb8 19. Rfb1 Rxb1+ 20. Rxb1 Qd7 21. Qh3
Neg8 22. g4 f5 23. exf6 Nxf6 24. Nxf6 Rxf6 25. Nxh7 Kxh7 26. g5 Rf8 27. gxh6
Bf6 28. Qg2 Rg8 29. Rb8 Kh8 30. Qa8 e5 31. fxe5 dxe5 32. Qf3 Qd6 33. h7 Rd8 34.
d5 Bg7 35. Be4 Qc5+ 36. Qf2 Qc4 37. Rb4 Qa2 38. Bg5 Qxf2+ 39. Kxf2 Rf8+ 40. Ke3
Kxh7 41. Rb8 Rg8 42. Kd3 Bf5 43. Rb7 Rc8 44. Ra7 Bf8 45. Rxa6 Bd6 46. Ra7 Rb8
47. Be7 Kh6 48. Bxd6 cxd6 49. Ra6 Kg5 50. Rxd6 Kf4 51. Bxf5 gxf5 52. a6 Rb2 53.
Re6 Ra2 54. d6 Rxa6 55. d7 e4+ 56. Kd4 Rxe6 57. d8=Q 1-0

[Event "Col Ch "]
[Site "Ibague "]
[Date "2013.07.06"]
[Round "9.5"]
[White "Otero, Daniel"]
[Black "Herrera, Juan Sebastian"]
[Result "1/2-1/2"]
[WhiteElo "2135"]
[BlackElo "2205"]
[PlyCount "88"]
[EventDate "2013.07.01"]
[EventType "swiss"]
[EventRounds "11"]
[EventCountry "COL"]
[SourceDate "2005.09.12"]
[WhiteClock "0:17:53"]
[BlackClock "0:17:52"]

1. Nf3 d5 2. g3 Nf6 3. Bg2 c6 4. O-O Bg4 5. Ne5 Nbd7 6. Nxg4 Nxg4 7. e4 Ngf6 8.
exd5 Nxd5 9. d4 N7b6 10. Qe2 e6 11. Rd1 Be7 12. Nd2 O-O 13. Nf3 Bf6 14. c4 Ne7
15. Bf4 Ng6 16. Be3 Qe7 17. h4 Qb4 18. Rac1 Rfe8 19. Ng5 Rad8 20. Ne4 Be7 21.
h5 Nf8 22. Qc2 Nbd7 23. Bf4 Qa5 24. c5 e5 25. dxe5 Ne6 26. Bd2 Qc7 27. Nd6 Rf8
28. Be4 h6 29. b4 Nxe5 30. Bc3 Bf6 31. Qe2 Nd7 32. Bf5 Bxc3 33. Rxc3 Nf6 34.
Bxe6 fxe6 35. Qxe6+ Kh7 36. Rcd3 Nxh5 37. Kg2 Nf6 38. Qf5+ Kg8 39. Qe6+ Kh7 40.
Qf5+ g6 41. Qe6 Qd7 42. Qxd7+ Rxd7 43. Re1 Rfd8 44. a3 Kg7 1/2-1/2

[Event "Col Ch "]
[Site "Ibague "]
[Date "2013.07.06"]
[Round "9.6"]
[White "Gallego Alcaraz, Andres Felipe"]
[Black "Castaneda, Jhon David"]
[Result "1-0"]
[WhiteElo "2414"]
[BlackElo "2123"]
[PlyCount "85"]
[EventDate "2013.07.01"]
[EventType "swiss"]
[EventRounds "11"]
[EventCountry "COL"]
[SourceDate "2005.09.12"]
[WhiteClock "0:50:55"]
[BlackClock "0:48:17"]

1. d4 d5 2. c4 c6 3. Nf3 Nf6 4. Nc3 a6 5. e3 Bg4 6. h3 Bxf3 7. Qxf3 e6 8. Bd3
b5 9. b3 Bb4 10. Bd2 Nbd7 11. Qd1 Bd6 12. c5 Bb8 13. f4 h5 14. g3 g5 15. Qf3
gxf4 16. exf4 Qe7 17. O-O-O Bc7 18. Kb2 Rg8 19. Rhg1 O-O-O 20. a4 Nb8 21. axb5
cxb5 22. b4 Nc6 23. Ne2 Kb7 24. Ra1 Ra8 25. Ra2 Rh8 26. Rga1 Ra7 27. Bc3 Rha8
28. Nc1 Qf8 29. Qe2 Kc8 30. Rxa6 Rxa6 31. Rxa6 Rxa6 32. Bxb5 Ra7 33. Bxc6 Ne4
34. b5 Nxc5 35. dxc5 Qxc5 36. Qxh5 Qf2+ 37. Kb1 Bd8 38. Qh8 Qxg3 39. b6 Qe3 40.
bxa7 Qb6+ 41. Bb2 Qxc6 42. Qc3 Qxc3 43. a8=Q+ 1-0

[Event "Col Ch "]
[Site "Ibague "]
[Date "2013.07.06"]
[Round "9.7"]
[White "Arenas, David"]
[Black "Castro, Alexander"]
[Result "1-0"]
[WhiteElo "2437"]
[BlackElo "2142"]
[PlyCount "69"]
[EventDate "2013.07.01"]
[EventType "swiss"]
[EventRounds "11"]
[EventCountry "COL"]
[SourceDate "2005.09.12"]
[WhiteClock "0:45:24"]
[BlackClock "0:15:24"]

1. e4 d6 2. d4 Nf6 3. Nc3 e5 4. dxe5 dxe5 5. Qxd8+ Kxd8 6. Bc4 Ke8 7. Nf3 Bd6
8. Bg5 Nbd7 9. O-O-O a6 10. a4 Nb6 11. Bb3 Be6 12. Rhe1 h6 13. Bh4 Nbd7 14. Nd2
g5 15. Bg3 Bxb3 16. Nxb3 Bb4 17. Re3 Bxc3 18. Rxc3 c6 19. f3 Ke7 20. Na5 Rab8
21. Nc4 Nh5 22. Nxe5 Nxg3 23. Rxd7+ Ke6 24. hxg3 Kxe5 25. Rxf7 g4 26. Rf5+ Ke6
27. f4 h5 28. Rcc5 h4 29. Rce5+ Kd6 30. gxh4 Rxh4 31. Rh5 Rh8 32. Rxh8 Rxh8 33.
Rg5 Re8 34. e5+ Ke6 35. g3 1-0

[Event "Col Ch "]
[Site "Ibague "]
[Date "2013.07.06"]
[Round "9.8"]
[White "Munoz, Jhon Edison"]
[Black "Ruiz C, Joshua D"]
[Result "1-0"]
[WhiteElo "2214"]
[BlackElo "2409"]
[PlyCount "125"]
[EventDate "2013.07.01"]
[EventType "swiss"]
[EventRounds "11"]
[EventCountry "COL"]
[SourceDate "2005.09.12"]
[WhiteClock "0:13:42"]
[BlackClock "0:03:03"]

1. d4 Nf6 2. Nf3 e6 3. c4 b6 4. g3 Ba6 5. Qa4 Bb7 6. Bg2 Be7 7. O-O O-O 8. Rd1
d6 9. Nc3 Nbd7 10. d5 e5 11. Qc2 a5 12. b3 Ne8 13. e4 g6 14. Ne1 Ng7 15. Nd3 f5
16. Qe2 Bc8 17. Rb1 Re8 18. Bb2 Nc5 19. Nxc5 bxc5 20. f3 Bd7 21. a4 Qc8 22. Rd3
Rf8 23. Nb5 g5 24. Rf1 fxe4 25. fxe4 Rxf1+ 26. Qxf1 g4 27. Bc1 h5 28. Bh6 Be8
29. h4 Bg6 30. Qc1 Qd7 31. Rd1 Ne8 32. Bg5 Nf6 33. Qe3 Rf8 34. Rf1 Bd8 35. Na7
Nh7 36. Rxf8+ Kxf8 37. Bxd8 Qxd8 38. Nc6 Qa8 39. Qd2 Nf6 40. Qxa5 Qb7 41. Nd8
Qb8 42. Qxc7 Qxc7 43. Ne6+ Ke7 44. Nxc7 Kd7 45. Nb5 Bxe4 46. Bf1 Ne8 47. a5 Nc7
48. Nc3 Bc2 49. Kf2 Bxb3 50. Bd3 Ne8 51. Ke3 Kc7 52. Bg6 Nf6 53. Kd3 Kb7 54.
Ne4 Nd7 55. Kc3 Bd1 56. Bxh5 Ka6 57. Be8 Nf8 58. Nxd6 Kxa5 59. Nf7 e4 60. d6
Ba4 61. Bxa4 Kxa4 62. Ne5 Ne6 63. h5 1-0

[Event "Col Ch "]
[Site "Ibague "]
[Date "2013.07.06"]
[Round "9.9"]
[White "Saladen, Rafael"]
[Black "Rios Parra, Alejandro"]
[Result "1/2-1/2"]
[WhiteElo "2207"]
[BlackElo "2344"]
[PlyCount "149"]
[EventDate "2013.07.01"]
[EventType "swiss"]
[EventRounds "11"]
[EventCountry "COL"]
[SourceDate "2005.09.12"]
[WhiteClock "0:10:00"]
[BlackClock "0:30:01"]

1. e4 e5 2. Nf3 Nc6 3. Bb5 a6 4. Ba4 Nf6 5. O-O Nxe4 6. d4 b5 7. Bb3 d5 8. dxe5
Be6 9. Nbd2 Nc5 10. c3 Be7 11. Bc2 O-O 12. Nb3 Qd7 13. Nfd4 Nxb3 14. axb3 Nxd4
15. cxd4 c5 16. dxc5 Qc7 17. b4 Qxe5 18. f4 Qf6 19. f5 Bd7 20. Be3 Rfe8 21. Bd4
Qh4 22. g3 Qh3 23. Rf4 Bg5 24. Rg4 h6 25. Qf3 Re7 26. Rxg5 hxg5 27. f6 Ree8 28.
fxg7 Bg4 29. Qf1 Re2 30. Qxh3 Bxh3 31. Bb3 Rd8 32. c6 Rc8 33. Rc1 Re4 34. Rd1
Bg4 35. Bxd5 Bxd1 36. Bxe4 g4 37. Be5 Bf3 38. Bxf3 gxf3 39. c7 f6 40. Bxf6 Rxc7
41. Kf2 Rc2+ 42. Kxf3 Rxh2 43. Ke4 Rg2 44. Be5 Rc2 45. Bc3 Rg2 46. Kf3 Rg1 47.
g4 Kf7 48. Kf4 Rf1+ 49. Ke4 Rg1 50. Kf5 Rf1+ 51. Ke4 Rg1 52. Kf3 Rf1+ 53. Kg2
Rd1 54. g5 Rd3 55. Kf2 Kg8 56. Bf6 Rh3 57. Ke2 Rh4 58. Bc3 Rg4 59. Kf3 Rxg5 60.
Ke4 Kf7 61. Kf4 Rg1 62. Kf5 Rh1 63. Ke4 Rh5 64. Kf4 Rh6 65. Ke4 Rg6 66. Kd5 Ke7
67. Bd4 Kd7 68. Bc3 Rg5+ 69. Be5 Ke7 70. Kc6 Ke6 71. Bd4 Rg6 72. Bc3 Ke7+ 73.
Kb7 Kd7 74. Bd4 Ke8 75. Bc3 1/2-1/2

[Event "Col Ch "]
[Site "Ibague "]
[Date "2013.07.06"]
[Round "9.10"]
[White "Blandon, Luis Guillermo"]
[Black "Sanchez, Sebastian Felipe"]
[Result "1/2-1/2"]
[WhiteElo "1993"]
[BlackElo "2328"]
[PlyCount "106"]
[EventDate "2013.07.01"]
[EventType "swiss"]
[EventRounds "11"]
[EventCountry "COL"]
[SourceDate "2005.09.12"]
[WhiteClock "0:06:39"]
[BlackClock "0:12:32"]

1. e4 c5 2. Nf3 e6 3. d4 cxd4 4. Nxd4 Nc6 5. Nc3 Qc7 6. Be2 a6 7. Be3 Nf6 8.
O-O Bb4 9. Na4 Be7 10. Nxc6 bxc6 11. Nb6 Rb8 12. Nxc8 Qxc8 13. e5 Nd5 14. Bc1
c5 15. c4 Nb4 16. b3 Qc7 17. Bb2 O-O 18. f4 f6 19. f5 Nc6 20. Bg4 Nd4 21. fxe6
f5 22. Bxd4 fxg4 23. Bc3 Rxf1+ 24. Kxf1 Rf8+ 25. Kg1 dxe6 26. Qxg4 Qc6 27. Rd1
Rf5 28. Rf1 Rxf1+ 29. Kxf1 g6 30. Ke2 Kf7 31. Qf3+ Qxf3+ 32. Kxf3 Ke8 33. a3
Kd7 34. b4 cxb4 35. axb4 Kc6 36. Ke4 Bg5 37. Kd3 Bf4 38. h3 Bg5 39. Bd4 Bh4 40.
Kc3 Be1+ 41. Kb3 Bd2 42. Ba7 Bf4 43. Bb8 Bd2 44. Ka4 Be3 45. Bd6 Bb6 46. Be7
Bc7 47. Bf6 Bb6 48. h4 h5 49. Kb3 Bf2 50. Ka3 Bd4 51. Ka4 Bb6 52. Be7 Bc7 53.
Bf6 Bb6 1/2-1/2

[Event "Col Ch "]
[Site "Ibague "]
[Date "2013.07.06"]
[Round "9.11"]
[White "Rengifo, Jose Ignacio"]
[Black "Dominguez, Ramiro"]
[Result "0-1"]
[WhiteElo "2133"]
[BlackElo "2225"]
[PlyCount "114"]
[EventDate "2013.07.01"]
[EventType "swiss"]
[EventRounds "11"]
[EventCountry "COL"]
[SourceDate "2005.09.12"]
[WhiteClock "0:17:46"]
[BlackClock "0:27:29"]

1. Nf3 Nf6 2. c4 e6 3. g3 b6 4. Bg2 Bb7 5. O-O Be7 6. a4 a5 7. Nc3 O-O 8. d4 d5
9. Ne5 Na6 10. Re1 c5 11. cxd5 Nxd5 12. e4 Nxc3 13. bxc3 cxd4 14. cxd4 Rc8 15.
Bb2 Nb4 16. Re2 Qc7 17. Rd2 Rfd8 18. Rc1 Qb8 19. Rxc8 Qxc8 20. Qh5 Rf8 21. d5
Bf6 22. Bh3 Qe8 23. Nxf7 exd5 24. Bf5 Rxf7 25. Bxh7+ Kf8 26. e5 d4 27. Bxd4 Qc6
28. f4 Qh1+ 29. Kf2 Qg2+ 30. Ke1 Qh1+ 31. Kf2 Bxe5 32. Bxe5 Qg2+ 33. Ke1 Qg1+
34. Ke2 Ba6+ 35. Kf3 Qf1+ 36. Kg4 Be2+ 37. Rxe2 Qxe2+ 38. Kg5 Qxh5+ 39. Kxh5
Rd7 40. Bf5 Rd2 41. Kg6 Rxh2 42. Bxg7+ Ke8 43. Be6 Nd3 44. Bd5 Rh3 45. f5 Rxg3+
46. Kf6 Ne5 47. Bh6 Ng4+ 48. Kg5 Nxh6+ 49. Kxh6 Ke7 50. Kh5 Kf6 51. Be6 Rg5+
52. Kh4 Rxf5 53. Bd7 Rg5 54. Be8 Rg1 55. Kh3 Ke7 56. Bb5 Kd6 57. Kh2 Rg7 0-1

[Event "Col Ch "]
[Site "Ibague "]
[Date "2013.07.06"]
[Round "9.12"]
[White "Nunez V, Daniel"]
[Black "Cardozo, Carlos Eduardo"]
[Result "1-0"]
[WhiteElo "2225"]
[BlackElo "1990"]
[PlyCount "87"]
[EventDate "2013.07.01"]
[EventType "swiss"]
[EventRounds "11"]
[EventCountry "COL"]
[SourceDate "2005.09.12"]
[WhiteClock "0:43:59"]
[BlackClock "0:40:19"]

1. Nf3 d5 2. g3 Nf6 3. c4 c6 4. Bg2 dxc4 5. a4 g6 6. Qc2 Bg7 7. O-O O-O 8. Qxc4
a5 9. d4 Na6 10. Bf4 Be6 11. Qc1 Nb4 12. Nc3 Bf5 13. Qd2 Ne4 14. Nxe4 Bxe4 15.
Rfd1 Bc2 16. Rdc1 Be4 17. Be5 f6 18. Bf4 g5 19. Be3 Qd6 20. Qc3 Rfd8 21. Bh3
Bxf3 22. exf3 Kf8 23. Rd1 h6 24. Rd2 Nd5 25. Qc2 e6 26. Re1 f5 27. Rde2 Nb4 28.
Qb1 Qd5 29. Bg2 Qb3 30. h4 Bf6 31. hxg5 hxg5 32. f4 g4 33. d5 Nd3 34. Rd1 Nxb2
35. Rdd2 cxd5 36. Rxb2 Bxb2 37. Rxb2 Qxa4 38. Bc5+ Kf7 39. Rxb7+ Rd7 40. Bxd5
Rxb7 41. Qxb7+ Kg6 42. Qxa8 Qd1+ 43. Kh2 exd5 44. Qg8+ 1-0

[Event "Col Ch "]
[Site "Ibague "]
[Date "2013.07.06"]
[Round "9.13"]
[White "Diaz, Jaime Walter"]
[Black "Zuluaga, Cesar"]
[Result "0-1"]
[WhiteElo "2175"]
[BlackElo "2402"]
[PlyCount "34"]
[EventDate "2013.07.01"]
[EventType "swiss"]
[EventRounds "11"]
[EventCountry "COL"]
[SourceDate "2005.09.12"]

1. e4 c5 2. Nf3 e6 3. d4 cxd4 4. Nxd4 a6 5. c4 Nf6 6. Bd3 Nc6 7. Nxc6 dxc6 8.
O-O e5 9. Qc2 Bc5 10. h3 Nh5 11. Re1 Nf4 12. Bxf4 exf4 13. Nd2 Qg5 14. Kf1 Qh5
15. Qc3 Bxh3 16. Be2 Qh4 17. Qe5+ Be6 0-1

[Event "Col Ch "]
[Site "Ibague "]
[Date "2013.07.06"]
[Round "9.14"]
[White "Blandon Villa, Diego F"]
[Black "Mendoza, Rafael"]
[Result "1/2-1/2"]
[WhiteElo "2196"]
[BlackElo "2334"]
[PlyCount "92"]
[EventDate "2013.07.01"]
[EventType "swiss"]
[EventRounds "11"]
[EventCountry "COL"]
[SourceDate "2005.09.12"]

1. c4 c5 2. Nc3 Nc6 3. Nf3 Nf6 4. g3 g6 5. Bg2 Bg7 6. O-O O-O 7. d3 d6 8. Rb1
Qd7 9. a3 b6 10. b4 Bb7 11. h3 Nd4 12. Nd2 Bxg2 13. Kxg2 cxb4 14. Rxb4 Nc6 15.
Rb1 d5 16. Qa4 dxc4 17. Nxc4 Nd5 18. Na2 Rac8 19. Bd2 Rfd8 20. Rfc1 Qe6 21. Qd1
Nd4 22. e3 Nc6 23. Qb3 Nf6 24. Nb4 b5 25. Nb6 Qxb3 26. Rxb3 Na5 27. Rxc8 Rxc8
28. Nxc8 Nxb3 29. Bc3 a5 30. Nc6 e6 31. Nxa5 Nxa5 32. Bxa5 Bf8 33. Bb4 Bxb4 34.
axb4 Nd5 35. Nd6 Nxb4 36. d4 Kf8 37. Kf3 Ke7 38. Nxb5 e5 39. Ke4 exd4 40. exd4
f5+ 41. Kf4 Kf6 42. Nc3 Nc2 43. Ne2 g5+ 44. Kf3 h5 45. d5 Ke5 46. Nc3 Kd4
1/2-1/2

[Event "Col Ch "]
[Site "Ibague "]
[Date "2013.07.06"]
[Round "9.15"]
[White "Hernandez Sanchez, Jairo Andre"]
[Black "Florez, Carlos Julio"]
[Result "1/2-1/2"]
[WhiteElo "2320"]
[BlackElo "2130"]
[PlyCount "54"]
[EventDate "2013.07.01"]
[EventType "swiss"]
[EventRounds "11"]
[EventCountry "COL"]
[SourceDate "2005.09.12"]

1. e4 d6 2. d4 Nf6 3. Nc3 e5 4. Nf3 exd4 5. Nxd4 Be7 6. Bf4 O-O 7. Qd2 Nc6 8.
O-O-O Nxd4 9. Qxd4 Be6 10. Be2 a6 11. Qe3 Qc8 12. g4 Re8 13. g5 Nd7 14. h4 b5
15. h5 b4 16. Nd5 Bxd5 17. Rxd5 Nb6 18. Rf5 Qe6 19. Qh3 Qxa2 20. g6 Bf6 21. h6
Qxb2+ 22. Kd1 Qa1+ 23. Bc1 fxg6 24. hxg7 Qd4+ 25. Bd2 Qa1+ 26. Bc1 Qd4+ 27. Bd2
Qa1+ 1/2-1/2

[Event "Col Ch "]
[Site "Ibague "]
[Date "2013.07.06"]
[Round "9.16"]
[White "Cifuentes, Jhon Jairo"]
[Black "Mateus, Alejandro"]
[Result "1-0"]
[WhiteElo "2120"]
[BlackElo "2289"]
[PlyCount "81"]
[EventDate "2013.07.01"]
[EventType "swiss"]
[EventRounds "11"]
[EventCountry "COL"]
[SourceDate "2005.09.12"]

1. e4 c5 2. Nf3 d6 3. d4 cxd4 4. Nxd4 Nf6 5. Nc3 a6 6. Be3 e5 7. Nb3 Be6 8. f3
Nbd7 9. Qd2 b5 10. a4 b4 11. Nd5 Bxd5 12. exd5 Nb6 13. Bxb6 Qxb6 14. a5 Qb7 15.
Bc4 Rc8 16. Qd3 Ra8 17. Ra4 Be7 18. Qd2 Rb8 19. Qd3 Qa7 20. Bxa6 O-O 21. Bb5 e4
22. Qd4 Qc7 23. Bc6 exf3 24. O-O fxg2 25. Re1 h5 26. h3 Nh7 27. a6 Bf6 28. Qf2
Qd8 29. Re3 Bg5 30. Re4 f5 31. Re6 f4 32. a7 Ra8 33. Bxa8 Bh4 34. Qxg2 Qb6+ 35.
Kh1 Rxa8 36. Re8+ Rxe8 37. a8=Q Rxa8 38. Rxa8+ Nf8 39. Qe2 Qb7 40. Qe6+ Qf7 41.
Nd4 1-0

[Event "Col Ch "]
[Site "Ibague "]
[Date "2013.07.06"]
[Round "9.17"]
[White "Agudelo, Antonio"]
[Black "Diaz Arboleda, Daniel"]
[Result "1-0"]
[WhiteElo "2275"]
[BlackElo "2110"]
[PlyCount "111"]
[EventDate "2013.07.01"]
[EventType "swiss"]
[EventRounds "11"]
[EventCountry "COL"]
[SourceDate "2005.09.12"]

1. Nf3 Nf6 2. g3 g6 3. b3 Bg7 4. Bb2 O-O 5. Bg2 d5 6. c4 c6 7. O-O Nbd7 8. d3
a6 9. Nbd2 e6 10. Qc2 Qc7 11. e4 dxe4 12. dxe4 c5 13. Rfe1 e5 14. Nf1 b6 15.
Ne3 Bb7 16. Nd5 Nxd5 17. cxd5 Rae8 18. Rad1 Qd6 19. a4 Bh6 20. Bh3 Nb8 21. Bc1
Bxc1 22. Qxc1 Bc8 23. Bxc8 Rxc8 24. h4 Kg7 25. h5 Nd7 26. Kg2 f6 27. Rh1 g5 28.
Nd2 b5 29. Nf1 h6 30. Ne3 Kh7 31. axb5 axb5 32. Nf5 Qb6 33. Qd2 c4 34. b4 c3
35. Qe2 Rf7 36. Qf3 Nf8 37. Ne7 Rc4 38. Nc6 Kg7 39. Ra1 Rc7 40. Rhc1 R7xc6 41.
dxc6 Qxc6 42. Rc2 Kf7 43. Ra7+ Ke8 44. Kh2 Nd7 45. Qf5 Rxb4 46. Rxc3 Rc4 47.
Rf3 Rd4 48. Qg6+ Ke7 49. Qxh6 Qe6 50. Qh8 Qf7 51. g4 Qf8 52. Qxf8+ Kxf8 53. Rc3
b4 54. Rcc7 Ke8 55. h6 Nf8 56. h7 1-0

[Event "Col Ch "]
[Site "Ibague "]
[Date "2013.07.06"]
[Round "9.19"]
[White "Nunez V, Gustavo Eduardo"]
[Black "Navia, Edwin Adrian"]
[Result "1-0"]
[WhiteElo "2245"]
[BlackElo "2094"]
[PlyCount "49"]
[EventDate "2013.07.01"]
[EventType "swiss"]
[EventRounds "11"]
[EventCountry "COL"]
[SourceDate "2005.09.12"]

1. e4 c5 2. c4 Nc6 3. Nf3 e5 4. Nc3 d6 5. g3 g6 6. Bg2 Bg7 7. O-O Nge7 8. d3
O-O 9. a3 h6 10. Rb1 a5 11. Nh4 Be6 12. Nd5 Rb8 13. a4 Qc8 14. Be3 b6 15. Qd2
Kh7 16. Kh1 Bh3 17. f4 Bxg2+ 18. Qxg2 f5 19. exf5 Nxf5 20. Nxf5 Rxf5 21. g4 Rf8
22. f5 gxf5 23. gxf5 Qe8 24. f6 Bh8 25. Qh3 1-0

[Event "Col Ch "]
[Site "Ibague "]
[Date "2013.07.06"]
[Round "9.20"]
[White "Beltran, Carlos Armando"]
[Black "Nino, Juan Camilo"]
[Result "1-0"]
[WhiteElo "2237"]
[BlackElo "2093"]
[PlyCount "105"]
[EventDate "2013.07.01"]
[EventType "swiss"]
[EventRounds "11"]
[EventCountry "COL"]
[SourceDate "2005.09.12"]

1. Nf3 c5 2. g3 Nc6 3. Bg2 g6 4. d4 cxd4 5. Nxd4 Bg7 6. Nxc6 bxc6 7. O-O Qc7 8.
c4 d6 9. Nc3 Rb8 10. Qa4 Bd7 11. e4 Nf6 12. c5 dxc5 13. Qc4 Qa5 14. e5 Nd5 15.
Nxd5 cxd5 16. Qxd5 Be6 17. Qc6+ Bd7 18. Qd5 Be6 19. Qc6+ Bd7 20. Qe4 Bf5 21.
Qf4 Qc7 22. Re1 Rb4 23. Qe3 O-O 24. b3 Rd4 25. Bb2 Rd3 26. Qc1 Rfd8 27. Bc3 Be6
28. Bf1 R3d7 29. Bb5 Rd5 30. Bc4 R5d7 31. Bb5 Rd5 32. Bc4 R5d7 33. Bxe6 fxe6
34. Qa3 Rd5 35. Ba5 Qc6 36. Bxd8 Rxd8 37. Qxa7 Kf7 38. Qa4 Qb6 39. Rad1 Rxd1
40. Qf4+ Ke8 41. Rxd1 Qc7 42. Re1 h6 43. h4 Qd7 44. Re3 Qd1+ 45. Kg2 Qd5+ 46.
Qe4 g5 47. h5 g4 48. a4 Kf7 49. a5 c4 50. Qxd5 exd5 51. bxc4 dxc4 52. a6 c3 53.
e6+ 1-0

[Event "Col Ch "]
[Site "Ibague "]
[Date "2013.07.06"]
[Round "9.21"]
[White "Posada, Juan Manuel"]
[Black "Pardo, Alejandro"]
[Result "1-0"]
[WhiteElo "2101"]
[BlackElo "2232"]
[PlyCount "83"]
[EventDate "2013.07.01"]
[EventType "swiss"]
[EventRounds "11"]
[EventCountry "COL"]
[SourceDate "2005.09.12"]

1. e4 c6 2. d4 g6 3. Nc3 d5 4. e5 Bg7 5. f4 h5 6. Bd3 Nh6 7. Nf3 Bg4 8. h3 Bxf3
9. Qxf3 e6 10. Be3 Nf5 11. O-O-O h4 12. Bf2 Nd7 13. Rhe1 a6 14. Ne2 Qa5 15. Kb1
O-O-O 16. Ng1 Bf8 17. Qe2 Kb8 18. Nf3 Be7 19. Rg1 c5 20. c3 c4 21. Bxf5 gxf5
22. Qe1 Nb6 23. Bxh4 Bxh4 24. Nxh4 Na4 25. Nf3 Rc8 26. Rc1 Rc6 27. Rc2 Rb6 28.
h4 Qb5 29. Qc1 Qa5 30. g4 fxg4 31. Rxg4 Rb5 32. Rg7 Ka7 33. Rxf7 Nb6 34. Rg2
Na4 35. Ka1 Rc8 36. h5 Rc6 37. Rf8 Rb3 38. h6 Nxc3 39. bxc3 Rcb6 40. Rc2 Qa3
41. Rg8 R6b5 42. h7 1-0

[Event "Col Ch "]
[Site "Ibague "]
[Date "2013.07.06"]
[Round "9.22"]
[White "Herrera Perez, Martin Steven"]
[Black "Valle, Efrain"]
[Result "1/2-1/2"]
[WhiteElo "1974"]
[BlackElo "2229"]
[PlyCount "46"]
[EventDate "2013.07.01"]
[EventType "swiss"]
[EventRounds "11"]
[EventCountry "COL"]
[SourceDate "2005.09.12"]

1. e4 Nc6 2. Nf3 d6 3. d4 Nf6 4. Nc3 Bg4 5. Be3 e5 6. d5 Nb8 7. h3 Bc8 8. Qd2
Be7 9. Be2 O-O 10. g4 c6 11. g5 Ne8 12. O-O-O Qa5 13. Kb1 c5 14. h4 f5 15. exf5
Bxf5 16. h5 Bg4 17. Nh4 Bxe2 18. Qxe2 Qd8 19. Rdg1 b5 20. Ng6 Rf7 21. Nh4 Rf8
22. Ng6 Rf7 23. Nh4 Rf8 1/2-1/2